000 00663nam a22001937a 4500
005 20251108165937.0
008 250721s1997 xx 000 0 ara d
082 1 4 _a363.1/عري
100 1 _aعريضه، علي
245 1 0 _aكيف تحمي نفسك و أسرتك من حرائق البوتاجاز :
_bأخطار الكهرباء حوداث السيارات /
264 1 _aالمنصورة :
_bمكتبة الإيمان،
_c1997.
300 _a116ص
490 0 _aكتاب لا غنى عنه لكل أسرة
650 1 7 _aالحرائق
650 1 7 _aحماية الصحة
650 1 7 _aحوداث المرور
942 _2ddc
_cBK
999 _c35508
_d35508